000 01066nam0a2200277 4500
001 RU\NLR\BIBL_A\022128520
005 20250625132426.0
010 _9800
035 _a(NLR Aleph) 022128520
090 _a13319798
_c13319798
100 _a20240206d1989 |||y0rusy50 ca
101 0 _adar
102 _aRU
105 _ay z 000 y
181 0 _ai
_baxxe
182 0 _an
200 1 _aСССР-ла халкьла депутатуни биркIнила хIекьлизибси Совет Социалист Республикабала Союзла закон
_fЗ. Гаджиев пер.
203 _aТекст
_bвизуальный
_cнепосредственный
210 _aМахачала
_cДаг. кн. изд-во
_d1989
215 _a41,[1] с.
_d20
541 1 _aЗакон Союза Советских Социалистических Республик о выборах народных депутатов СССР
_zrus
686 1 _aХ620.526.1-3
852 _aNLR
_bОНЛ
_jДарг./2-1024
942 _cBOOK
980 _aNB